| 000 | 00634nam a2200193 i 4500 | ||
|---|---|---|---|
| 001 | 35846 | ||
| 003 | ES-MaACL | ||
| 005 | 20230906155228.0 | ||
| 007 | t| | ||
| 008 | 030214s1946 sp ||||1| spa d | ||
| 100 | 1 |
_aBrockway, Wallace. _931845 |
|
| 245 | 1 | 3 |
_aLa ópera _b: historia y desarrollo : 1600-1941 / _cWallace Brockway y Herbert Weinstock ; [traducción de M. Bosch Barrett]. |
| 250 | _a[1ª ed.]. | ||
| 260 |
_aBarcelona : _bPal-las, _c[1946] ( _fRex) |
||
| 300 |
_a407 p., 6 lám. ; _c24 cm. |
||
| 700 | 1 |
_aWeinstock, Herbert. _9116377 |
|
| 700 | 1 |
_aBosch Barrett, Manuel. _930649 |
|
| 852 |
_aES-MaACL _jC-4180 _bR.23831 |
||
| 999 |
_c35846 _d35846 |
||